000 004360000a22001810004500
003 MACL
005 20150911165621.0
008 150911b xxu||||| |||| 00| 0 eng d
040 _aMACL
_cMACL
041 _aEnglish
082 _a823
100 _aBhattacharya, Malini
_91442
245 _aManik Bandhopadhyay
_bSelected Stories
260 _bThema
_c1988
_aCalcutta
350 _a80
650 _aFicition
_9964
942 _cBK
_k823
_2ddc
999 _c5139
_d5139